[Event "Albena op"]
[Site "Albena"]
[Date "2010.06.10"]
[Round "8"]
[White "Ribarov, Valerij"]
[Black "Penev, Valeri"]
[Result "1-0"]
[WhiteElo "2122"]
[BlackElo "1729"]
[PlyCount "71"]
[EventDate "2010.06.03"]
[EventType "swiss"]
[EventRounds "9"]
[EventCountry "BUL"]
[SourceTitle "CBM 136 Extra"]
[Source "ChessBase"]
[SourceDate "2010.07.02"]
[SourceVersion "2"]
[SourceVersionDate "2010.07.15"]
[SourceQuality "1"]

1. e4 c6 2. Nc3 d5 3. Nf3 dxe4 4. Nxe4 Bf5 5. Ng3 Bg6 6. h4 h6 7. Ne5 Bh7 8. Qh5 g6 9. Bc4 e6 10. Qe2 Qc7 11. d4 Nf6 12. Bf4 Nd5 13. Bxd5 Qa5+ 14. Bd2 Qxd5 15. c4 Qd8 16. 0-0-0 Bg7 17. Bb4 Na6 18. Ba3 Qc7 19. Ne4 0-0-0 20. g3 Kb8 21. Bd6 Rxd6 22. Nxd6 Qxd6 23. Nxf7 Qd7 24. Nxh8 Bxh8 25. Rhe1 Nc7 26. Qf3 Bg7 27. Qe4 Bf6 28. Qf4 Bg7 29. g4 g5 30. hxg5 hxg5 31. Qxg5 Bxd4 32. Qe5 c5 33. Qxc5 Qa4 34. b3 Qxa2 35. Qf8+ Ne8 36. Qxe8+ 1-0

[Event "Albena op"]
[Site "Albena"]
[Date "2010.06.07"]
[Round "5"]
[White "Voiska, Margarita"]
[Black "Ribarov, Valerij"]
[Result "1-0"]
[WhiteElo "2320"]
[BlackElo "2122"]
[PlyCount "55"]
[EventDate "2010.06.03"]
[EventType "swiss"]
[EventRounds "9"]
[EventCountry "BUL"]
[SourceTitle "CBM 136 Extra"]
[Source "ChessBase"]
[SourceDate "2010.07.02"]
[SourceVersion "2"]
[SourceVersionDate "2010.07.15"]
[SourceQuality "1"]

1. d4 Nf6 2. Nf3 g6 3. c4 Bg7 4. Nc3 c5 5. e3 0-0 6. Be2 d6 7. 0-0 a6 8. b3 b6 9. Bb2 cxd4 10. Nxd4 Bb7 11. Bf3 Bxf3 12. Qxf3 Nbd7 13. Nc6 Qe8 14. Nd5 Nxd5 15. Bxg7 Kxg7 16. cxd5 Nf6 17. e4 e6 18. Qc3 exd5 19. exd5 Qe4 20. Rad1 Qf5 21. Qd4 b5 22. Rd3 Qe4 23. Qc3 b4 24. Nxb4 Rac8 25. Nc6 Rfe8 26. Rf3 Re5 27. Qa1 Rf5 28. Re3 1-0

[Event "Kesarovski Georgiev Memorial 6th"]
[Site "Sunny Beach"]
[Date "2007.09.13"]
[Round "4"]
[White "Ribarov, Valerij"]
[Black "Milchev, Nikolay"]
[Result "1/2-1/2"]
[WhiteElo "2161"]
[BlackElo "2315"]
[PlyCount "137"]
[EventDate "2007.09.10"]
[EventType "swiss"]
[EventRounds "9"]
[EventCountry "BUL"]
[SourceTitle "CBM 120 Extra"]
[Source "ChessBase"]
[SourceDate "2007.11.01"]
[SourceVersion "1"]
[SourceVersionDate "2007.11.01"]
[SourceQuality "1"]

1. e4 g6 2. d4 Bg7 3. Nc3 a6 4. Nf3 d6 5. Be2 Nf6 6. Bg5 0-0 7. Qd2 b5 8. a3 Bb7 9. d5 c6 10. 0-0 cxd5 11. exd5 Nbd7 12. Ne1 Nb6 13. Bf3 Nc4 14. Qe2 Rc8 15. Bc1 Nd7 16. Nd3 Nde5 17. Nxe5 Nxe5 18. Be4 Nc4 19. Nd1 Rc5 20. Rb1 Nb6 21. Be3 Rc4 22. Bd3 Bxd5 23. Bxb6 Qxb6 24. Qxe7 Rc7 25. Qh4 Re8 26. Ne3 Ba2 27. Rbe1 Rce7 28. Nd5 Bxd5 29. Rxe7 Rxe7 30. Qxe7 Bxb2 31. h4 Be5 32. h5 Kg7 33. Re1 Qd4 34. hxg6 hxg6 35. Qg5 Bf6 36. Qe3 Qg4 37. Be4 Bc4 38. Bd3 Bd5 39. Be4 Be6 40. Qf3 Qg5 41. Qe3 Qh5 42. g3 a5 43. Qd3 Bc4 44. Qxd6 Bc3 45. Rd1 b4 46. axb4 a4 47. Rd3 Bb2 48. c3 Qb5 49. Rd5 Bxd5 50. Qxd5 Qxd5 51. Bxd5 Bxc3 52. b5 Bd4 53. Kf1 f5 54. f3 Kf6 55. Ke2 Ke5 56. Bf7 g5 57. g4 fxg4 58. fxg4 Ke4 59. Be6 Bb6 60. Kd2 Kd4 61. Kc2 Kc5 62. Bd7 Kb4 63. Kb2 Bd4+ 64. Ka2 Bc5 65. Bc6 Bd4 66. Bd7 Bc5 67. Bc6 Bb6 68. Bd7 Bc5 69. Bc6 1/2-1/2